000 00462nam a22001817a 4500
005 20260604153709.0
008 260604b |||||||| |||| 00| 0 eng d
020 _a9781635496376
_c4995.00
040 _aMAIN
041 _aEnglish
082 _a658.421
_bENT
100 _aMelville, Hugh (ed)
_927023
245 _aEntrepreneurship
260 _aNew York
_bLarsen And Keller
_c2017
300 _a235
650 _aManagement (PM USHA)
_927020
942 _cBK
999 _c61019
_d61019